| 000 | 00509nam a2200133Ia 4500 | ||
|---|---|---|---|
| 008 | 170516s9999 xx 000 0 und d | ||
| 245 | _aPercutaneous Intramyocardial Delivery of Mesenchymal Stem Cells Induces Superior Improvement in Regional Left Ventricular Function Compared with Bone Marrow Mononuclear Cells in Porcine Myocardial Infarcted Heart | ||
| 260 | _bTheranostics | ||
| 260 | _c2015 | ||
| 300 | _a5:2 | ||
| 650 | _xMedical Technology | ||
| 650 | _xMedtech | ||
| 856 | _uhttp://www.thno.org/v5i2 | ||
| 999 |
_c330608 _d330608 |
||